| 000 | 01254nam a2200337Ia 4500 | ||
|---|---|---|---|
| 003 | OSt | ||
| 005 | 20221007124731.0 | ||
| 006 | a|||||r|||| 00| 0 | ||
| 007 | ta | ||
| 008 | 221006b |||||||| |||| 00| 0 eng d | ||
| 020 | _a9788177589573 (pbk) | ||
| 024 | _a194264 | ||
| 037 |
_b898, 12/10/2015, Dhanraj Book House _cTextual |
||
| 040 |
_aCDL _cCDL _beng |
||
| 041 |
_2eng _aeng |
||
| 082 | _aE5:f3, M9-;1 Carc | ||
| 100 |
_aFurniss Brian S _9720233 |
||
| 245 | 0 |
_aVogel's textbook of practical organic chemistry _b Hannaford Antony J Smith Peter W G Tatchell Austin R |
|
| 250 | _a5 | ||
| 260 |
_aNew _bDelhi Pearson _c1989 |
||
| 300 |
_axxviii, 1514p. ill. _ccm. |
||
| 500 | _aAppendices 1401-1453p.; Index 1455-1510p.; Reference data 1511-1512p.; Reprint 2015. | ||
| 650 |
_a Aliphatic compounds _9720234 |
||
| 650 |
_a Aromatic compounds _9720235 |
||
| 650 |
_aExperimental techniques _9717477 |
||
| 700 |
_a Hannaford Antony J _9720236 |
||
| 700 |
_a Smith Peter W G _9720237 |
||
| 700 |
_a Tatchell Austin R _9720238 |
||
| 942 |
_hE5:f3, M9-;1 Carc _cTEXL _2CC |
||
| 999 |
_c1214000 _d1214000 |
||